| 000 | 00664nam a2200229 a 4500 | ||
|---|---|---|---|
| 005 | 20240924070350.0 | ||
| 008 | 131202s2007 mx r 000 0 spa d | ||
| 020 | _a9788493517571 | ||
| 035 | _aUPN01000194347 | ||
| 049 | _aCG | ||
| 050 | 4 |
_aPQ6653 A4.2 _bE4.3 |
|
| 100 | 1 |
_aCamacho Camacho, Pedro, _d1977- _934929 |
|
| 245 | 1 | 3 |
_aLa elegida de los dioses / _cPedro Camacho. |
| 260 |
_aSevilla, Esp. : _bEdimater, _c2007. |
||
| 300 |
_a118 p. : _bil. |
||
| 440 | 3 | _aLa vía láctea | |
| 650 | 0 |
_aLiteratura juvenil española _912359 |
|
| 650 | 0 |
_aFantasía _911180 |
|
| 650 | 7 |
_aNovela española _ySiglo XXI _2 _912862 |
|
| 905 | _aLibro | ||
| 999 |
_c166448 _d166448 |
||